| 000 | 01144nam a2200289Ia 4500 | ||
|---|---|---|---|
| 001 | ebr10360963 | ||
| 003 | CaPaEBR | ||
| 006 | m u | ||
| 007 | cr cn||||||||| | ||
| 008 | 090819s2010 enk s 000 0 eng d | ||
| 020 | _z9780470460788 (pbk.) | ||
| 020 | _z0470460784 (pbk.) | ||
| 040 |
_aCaPaEBR _cCaPaEBR |
||
| 035 | _a(OCoLC)646069131 | ||
| 050 | 1 | 4 |
_aRA979 _b.S56 2010eb |
| 100 | 1 | _aSimone, Kenneth G. | |
| 245 | 1 | 0 |
_aHospitalist recruitment and retention _h[electronic resource] : _bbuilding a hospital medicine program / _cKenneth G. Simone. |
| 260 |
_aHoboken, N.J. : _bWiley-Blackwell, _cc2010. |
||
| 300 | _axiii, 209 p. | ||
| 533 |
_aElectronic reproduction. _bPalo Alto, Calif. : _cebrary, _d2010. _nAvailable via World Wide Web. _nAccess may be limited to ebrary affiliated libraries. |
||
| 650 | 0 |
_aHospitalists _xRecruiting. |
|
| 650 | 0 | _aEmployee retention. | |
| 650 | 0 |
_aHospitals _xPersonnel management. |
|
| 655 | 7 |
_aElectronic books. _2local |
|
| 710 | 2 | _aebrary, Inc. | |
| 856 | 4 | 0 |
_uhttp://site.ebrary.com/lib/rucke/Doc?id=10360963 _zAn electronic book accessible through the World Wide Web; click to view |
| 999 |
_c209966 _d209966 |
||